000 00968nam a2200301Ia 4500
003 OSt
005 20221007122650.0
006 a|||||r|||| 00| 0
007 ta
008 221006b |||||||| |||| 00| 0 eng d
020 _a978140392417 (pbk)
024 _a152265
037 _b4112, 21/09/2011, New India Book Agency
_cTextual
040 _aPAPL
_cPAPL
_beng
041 _2eng
_aeng
082 _aCN1, N9;P4;5-7 carpa
100 _aGhatak Ajoy
_9433019
245 0 _aQuantum mechanics: Theory and applications
_b Lokanathan S
250 _a5
260 _aChennai
_bMacmillan publisher india ltd.
_c2004
300 _axxvi; 762p.
_ccm.
500 _aAppendix A-P, 715-758p.; Index 759-762p.
650 _a Quantum mechanics
650 _aPhysics
700 _a Lokanathan S
942 _hCN1, N9;P4;5-7 carpa
_cTEXL
_2CC
999 _c1210746
_d1210746